000 00953nam a2200253 a 4500
001 000007335
003 DO-SdBNP
005 20250604104607.0
007 ta
008 090908s2005 dr 001 0 spa d
040 _aDO-SdBNP
_bspa
_cBNPHU
082 4 _a338.642
_bC172p
_222
100 1 _aCamacho, Luis,
_d1969-
_920395
245 1 3 _aLa pequeña y mediana empresa dominicana :
_bmitos y realidad /
_cLuis Camacho, Claudio M. Riccardi ; prólogo Alba Iris Montero.
260 _aLa Romana, República Dominicana :
_bFundación Biblioteca Universitaria Provicional,
_c2005.
300 _a156 p. ;
_c20 cm.
500 _aIncluye datos biográficos de los autores
590 _aInventariado, 2019/VM
650 7 _aPequeñas y medianas empresas
_zRepública Dominicana
_919057
650 7 _aPequeñas y medianas empresas
_919057
_2LIBRUNAM
700 1 _aRiccardi, Claudio M.
_920397
700 1 _aMontero, Alba Iris,
_epról.
_920398
942 _2ddc
_cLBS1
999 _c7116
_d7116